Which countries do you cross? Lima - Mumbai - Statistics

General Stats
  • This quiz has been taken 196 times
  • The average score is 9 of 12
Answer Stats
Km Country % Correct
2878 Brazil
96%
746 Peru
84%
4 India
81%
1663 Saudi Arabia
75%
1262 Niger
74%
864 Chad
71%
356 Oman
69%
1379 Sudan
69%
1343 Mali
67%
554 Guinea
59%
199 Burkina Faso
54%
32 Libya
54%
No matching quizzes found
Score Distribution
Percent of People with Each Score
Percentile by Number Answered
Your Score History
You have not taken this quiz